[Event "Empresa B"]
[Site "Montreal CAN"]
[Date "2006.08.08"]
[Round "1"]
[White "Krush,I"]
[Black "Likavsky,T"]
[Result "1-0"]
[WhiteElo "2436"]
[BlackElo "2498"]
[EventDate "2006.08.08"]

1. d4 Nf6 2. c4 d6 3. Nc3 Nbd7 4. e4 e5 5. d5 Nc5 6. f3 a5 7. Be3 Be7 8.
Qd2 h6 9. O-O-O b6 10. Kb1 Nh7 11. g3 f5 12. h4 fxe4 13. Bxc5 bxc5 14. Nxe4
O-O 15. Bd3 Rf7 16. Qc2 Nf8 17. Rf1 c6 18. dxc6 Ra6 19. Nc3 Rxc6 20. Nd5
Ne6 21. Ne2 Nd4 22. Nxd4 cxd4 23. g4 Bxh4 24. Qe2 Bg5 25. Qe4 g6 26. Qxg6+
Rg7 27. Qe4 Rc5 28. f4 exf4 29. Rxf4 Bxf4 30. Qxf4 Rxd5 31. Qxh6 Qg5 32.
Qh8+ Kf7 33. Rf1+ Ke7 34. Qf8+ Kd7 35. cxd5 Bb7 36. Rc1 1-0

[Event "Empresa B"]
[Site "Montreal CAN"]
[Date "2006.08.08"]
[Round "1"]
[White "Arencibia,W"]
[Black "Mitkov,N"]
[Result "1/2-1/2"]
[WhiteElo "2539"]
[BlackElo "2563"]
[EventDate "2006.08.08"]

1. d4 Nf6 2. c4 e6 3. Nf3 d5 4. Nc3 Bb4 5. cxd5 exd5 6. Bg5 h6 7. Bh4 g5 8.
Bg3 Ne4 9. Nd2 Nxc3 10. bxc3 Bxc3 11. Rc1 Bb2 12. Bxc7 Qe7 13. Bd6 Qe6 14.
Rb1 Bc3 15. Ba3 Nc6 16. e3 Bxd4 17. Be2 Be5 18. O-O Bd6 19. Bxd6 Qxd6 20.
Ne4 Qe5 21. Qxd5 Qxd5 22. Nf6+ Kf8 23. Nxd5 Ne7 24. Nc7 Rb8 25. Na6 Ra8 26.
Nc7 Rb8 27. e4 Kg7 28. Rfd1 Ng6 29. f3 Nf4 30. Bc4 b6 31. Kf2 Rb7 32. Nb5
Rf8 33. Rbc1 Be6 34. g3 Ng6 35. Bxe6 fxe6 36. Rc7+ Rf7 37. Rxb7 Rxb7 38.
Rd8 Kf6 39. Ra8 a5 40. Rd8 Ne5 41. Ke2 Ke7 42. Rd1 Rd7 43. Rxd7+ Kxd7 44.
f4 gxf4 45. gxf4 Nf7 46. Kd3 e5 47. f5 Kc6 48. a4 Kc5 49. h4 Kb4 50. f6 Kb3
51. Nc3 Kb4 52. Nb5 Kb3 1/2-1/2

[Event "Empresa B"]
[Site "Montreal CAN"]
[Date "2006.08.09"]
[Round "2"]
[White "Likavsky,T"]
[Black "Lawson,E"]
[Result "1-0"]
[WhiteElo "2498"]
[BlackElo "2393"]
[EventDate "2006.08.08"]

1. c4 Nf6 2. Nc3 e5 3. g3 Nc6 4. Bg2 g6 5. e3 Bg7 6. Nge2 O-O 7. O-O d6 8.
h3 Nh5 9. d3 f5 10. Rb1 Kh8 11. Bd2 a5 12. Nd5 Ne7 13. Qb3 Ra6 14. d4 c6
15. Nxe7 Qxe7 16. c5 dxc5 17. dxe5 Bxe5 18. Bc3 Bg7 19. Rbc1 Nf6 20. Qc2 c4
21. Rfd1 Be6 22. Nf4 Bg8 23. h4 b5 24. h5 b4 25. Bd4 c5 26. Bxf6 Qxf6 27.
hxg6 hxg6 28. Nd5 Qxb2 29. Qxc4 Rd6 30. Qh4+ Bh7 31. Rxc5 Qxa2 32. Rc7 Qb2
33. Rd4 g5 34. Qxg5 Rg6 35. Qe7 Rg8 36. Rh4 b3 37. Nf4 Qf6 38. Rc6 Qa1+ 39.
Kh2 Rxc6 40. Bxc6 Qf6 41. Bd5 b2 42. Bf7 Qxh4+ 43. Qxh4 Bc3 44. Bxg8 Kxg8
45. Qd8+ Kf7 46. Qc7+ Kf8 47. Qxh7 b1=Q 48. Ng6+ 1-0

[Event "Empresa B"]
[Site "Montreal CAN"]
[Date "2006.08.09"]
[Round "2"]
[White "Huzman,A"]
[Black "Arencibia,W"]
[Result "1-0"]
[WhiteElo "2585"]
[BlackElo "2539"]
[EventDate "2006.08.08"]

1. d4 d5 2. c4 c6 3. Nf3 Nf6 4. Nc3 dxc4 5. a4 Bf5 6. Ne5 Nbd7 7. Nxc4 Qc7
8. g3 e5 9. dxe5 Nxe5 10. Bf4 Nfd7 11. Bg2 f6 12. O-O Nc5 13. Ne3 Bg6 14.
b4 Ne6 15. Qb3 Bf7 16. Qb1 Rd8 17. Rc1 Nxf4 18. gxf4 Ng6 19. Ncd5 Qd7 20.
Qe4+ Be7 21. Nxe7 Qxe7 22. Qxe7+ Nxe7 23. b5 O-O 24. bxc6 bxc6 25. Bxc6
Nxc6 26. Rxc6 Rfe8 27. Rc7 Rd2 28. Rxa7 Rxe2 29. a5 Bg6 30. a6 Be4 31. Rd7
h5 32. h4 Kh7 33. a7 Kg6 34. Rd4 Ba8 35. Rb4 Rd2 36. Rb8 Rdd8 37. Rab1 Be4
38. R1b4 Bc6 39. Kh2 Rxe3 40. Rxd8 Re1 41. f5+ Kxf5 42. Rb5+ Kg4 43. Rd4+
Kf3 44. Rb3+ Kxf2 45. Rd2+ Kf1 46. Rg3 1-0

[Event "Empresa B"]
[Site "Montreal CAN"]
[Date "2006.08.09"]
[Round "2"]
[White "Krnan,T"]
[Black "Barbeau,S"]
[Result "1/2-1/2"]
[WhiteElo "2399"]
[BlackElo "2398"]
[EventDate "2006.08.08"]

1. e4 e6 2. d4 d5 3. Nc3 dxe4 4. Nxe4 Nd7 5. Nf3 Ngf6 6. Nxf6+ Nxf6 7. Bg5
h6 8. Bh4 c5 9. dxc5 Qxd1+ 10. Rxd1 Bxc5 11. Bb5+ Ke7 12. O-O Rd8 13. Rxd8
Kxd8 14. c3 Ke7 15. Rd1 a6 16. Be2 Bd6 17. Nd2 g5 18. Nc4 Bc7 19. Bg3 Bxg3
20. hxg3 b5 21. Bf3 Ra7 22. Na5 Bd7 23. Bb7 Ne8 24. Bc8 Nd6 25. Bxd7 Kxd7
26. f3 Rc7 27. a3 f5 28. Kf2 e5 29. Rh1 Nf7 30. Rc1 Nd6 31. Rh1 Nf7 32. Rc1
Nd6 33. Rh1 1/2-1/2

[Event "Empresa B"]
[Site "Montreal CAN"]
[Date "2006.08.10"]
[Round "3"]
[White "Lawson,E"]
[Black "Mitkov,N"]
[Result "1/2-1/2"]
[WhiteElo "2393"]
[BlackElo "2563"]
[EventDate "2006.08.08"]

1. d4 Nf6 2. Bg5 e6 3. e4 h6 4. Bxf6 Qxf6 5. Nf3 Nc6 6. Bc4 a6 7. c3 d6 8.
O-O e5 9. Qd3 g5 10. Nbd2 Bg7 11. dxe5 dxe5 12. Bb3 Bg4 13. Bd1 Rd8 14. Qc2
Be6 15. Nb3 O-O 16. Be2 Ne7 17. Nfd2 Ng6 18. Nc4 Nf4 19. Ne3 h5 20. Rfd1 g4
21. Rxd8 Rxd8 22. Rd1 Bf8 23. Rxd8 Qxd8 24. Bf1 h4 25. Na5 b6 26. Nac4 Qg5
27. b4 g3 28. Kh1 Bh6 29. Nf5 h3 30. Nxe5 hxg2+ 31. Bxg2 gxh2 32. f3 Bxf5
33. exf5 Qg3 34. Ng4 Bg7 35. f6 Bf8 36. Qf2 Qxf2 37. Nxf2 Ne2 38. Ne4 Bd6
39. Bf1 Ng3+ 40. Nxg3 Bxg3 41. Bxa6 Be1 1/2-1/2

[Event "Empresa B"]
[Site "Montreal CAN"]
[Date "2006.08.11"]
[Round "4"]
[White "Likavsky,T"]
[Black "Mitkov,N"]
[Result "1-0"]
[WhiteElo "2498"]
[BlackElo "2563"]
[EventDate "2006.08.08"]

1. d4 Nf6 2. c4 e6 3. Nc3 Bb4 4. Qc2 d6 5. a3 Bxc3+ 6. Qxc3 O-O 7. Bg5 Nbd7
8. f3 b6 9. e4 c5 10. Nh3 h6 11. Be3 cxd4 12. Qxd4 Ne8 13. Nf2 Ba6 14. Be2
Rc8 15. Rc1 Qf6 16. b4 Ne5 17. c5 Bxe2 18. Kxe2 dxc5 19. bxc5 b5 20. Nd3
Nc6 21. Qxf6 Nxf6 22. Rb1 a6 23. Nb4 Nxb4 24. axb4 Nd7 25. Ra1 Nb8 26. Bf4
Nc6 27. Bd6 Rfd8 28. Rxa6 Nxb4 29. Rb6 Ra8 30. Rd1 Rdc8 31. Rxb5 Nc6 32.
Rb7 e5 33. Rd2 Ra3 34. Rdb2 h5 35. h4 Rc3 36. Kd2 Ra3 37. Ke2 Rc3 38. Kd2
Ra3 39. Rc7 Rxc7 40. Bxc7 f6 41. Bd6 Na5 42. Ke1 Kh7 43. Rb8 Nc6 44. Rb6
Ra1+ 45. Kf2 Ra2+ 46. Kg1 Nd4 47. c6 Rc2 48. c7 Ne6 49. Rb7 Rc6 50. g3 Rc1+
51. Kf2 Rc2+ 52. Ke1 Rc1+ 53. Kd2 Rc6 54. Ke1 Rc1+ 55. Kf2 Rc2+ 56. Kf1
Rc1+ 57. Kg2 Rc2+ 58. Kh3 Rc3 59. Ra7 Kg6 60. Ra3 Rc2 61. Ra8 Nxc7 62. Rc8
Rc6 63. Bxc7 Rc3 64. Kg2 Rc2+ 65. Kf1 Rc3 66. Ke2 Kh7 67. Kf2 Rc2+ 68. Ke1
Kg6 69. Kd1 Rc3 70. Ke2 Kh7 71. g4 hxg4 72. fxg4 Kg6 73. Kd2 Rc6 74. Kd3
Rc1 75. Kd2 Rc4 76. Kd3 Rc1 77. g5 fxg5 78. h5+ Kh7 79. Ke3 Rc3+ 80. Kf2 g4
81. Kg2 g6 82. hxg6+ Kxg6 83. Rg8+ Kf7 84. Rg7+ Kf6 85. Rd7 Rc4 86. Bd8+
Ke6 87. Re7+ Kd6 88. Rg7 Rxe4 89. Kg3 Ke6 90. Rg6+ Kd5 91. Rg5 Kd4 92. Bf6
Kd5 93. Bh8 Ke6 94. Kh4 Re1 95. Kg3 Re4 96. Rg6+ Kf5 97. Rf6+ Kg5 98. Re6
Kf5 99. Re8 Re3+ 100. Kf2 Rf3+ 101. Kg2 Re3 102. Bg7 Re2+ 103. Kg3 Re3+
104. Kf2 Rf3+ 105. Kg2 e4 106. Bh6 Rb3 107. Rf8+ Kg6 108. Bc1 Rc3 109. Bf4
Rf3 110. Rg8+ Kf5 111. Bh6 Rb3 112. Rg5+ Kf6 113. Rxg4 Ke5 114. Kf2 Rh3
115. Be3 Rf3+ 116. Ke2 Rf7 117. Rg5+ Rf5 118. Bd4+ Kf4 119. Be3+ Ke5 120.
Rg8 Rh5 121. Ra8 Rh2+ 122. Ke1 Kd5 123. Bf4 Rb2 124. Rd8+ Ke6 125. Bd2 Rb3
126. Ke2 Ke5 127. Rc8 Kd4 128. Rd8+ Ke5 129. Rd7 Ra3 130. Rb7 Rh3 131. Be3
Rh2+ 132. Bf2 Rh3 133. Rf7 Rb3 134. Be1 Rb2+ 135. Bd2 Rb3 136. Bf4+ Ke6
137. Ra7 Kf5 138. Be3 Rb2+ 139. Kd1 Rg2 140. Bd2 Ke5 141. Kc2 Kd4 142. Rd7+
Ke5 143. Kc3 Rg3+ 144. Kc4 Rd3 145. Re7+ Kf5 146. Bc3 Rd8 147. Rf7+ Kg4
148. Bd4 Kg3 149. Be3 Rd3 150. Bd4 Ra3 151. Bc5 Rd3 152. Bb6 Ra3 153. Bf2+
Kg2 154. Bc5 Rg3 155. Kd4 e3 156. Kd3 Rf3 157. Re7 Rf5 158. Bxe3 Kf3 159.
Bd4 Rf8 160. Re3+ Kf4 161. Be5+ Kg4 162. Rg3+ Kh5 163. Ke4 Rf7 164. Rg8 Kh6
165. Kd5 Kh7 166. Rg1 Rf2 167. Ke6 Re2 168. Kf7 Kh6 169. Bf6 Kh5 170. Rg5+
Kh6 171. Rg4 Rh2 172. Rg8 1-0

[Event "Empresa B"]
[Site "Montreal CAN"]
[Date "2006.08.11"]
[Round "4"]
[White "Huzman,A"]
[Black "Lawson,E"]
[Result "1-0"]
[WhiteElo "2585"]
[BlackElo "2393"]
[EventDate "2006.08.08"]

1. Nf3 Nf6 2. c4 b6 3. g3 e6 4. Bg2 Bb7 5. d4 Be7 6. Nc3 Ne4 7. Bd2 d6 8.
O-O Nd7 9. d5 Nxc3 10. Bxc3 e5 11. Ne1 O-O 12. e4 a5 13. Nd3 Bf6 14. Qd2
Re8 15. b3 Qe7 16. Rae1 Ba6 17. a4 Nc5 18. Nxc5 dxc5 19. Bh3 Bc8 20. Bxc8
Raxc8 21. f4 Qd6 22. Qe2 Re7 23. Qh5 Rce8 24. f5 Rd7 25. Rd1 g6 26. Qf3 g5
27. Qh5 Qf8 28. h4 h6 29. hxg5 hxg5 30. Kf2 Qg7 31. Qg4 Kf8 32. Rh1 Ke7 33.
Rh5 Rh8 34. Rdh1 Rdd8 35. Bd2 Rxh5 36. Rxh5 Rg8 37. Kg2 Kd6 38. Be3 Ke7 39.
Bc1 Kd6 40. Bd2 Rh8 41. Rxh8 Qxh8 42. Qh3 Qxh3+ 43. Kxh3 Be7 44. f6 Bxf6
45. Kg4 Bd8 46. Bxg5 f6 47. Bh4 Ke7 48. Kf5 Kf7 49. g4 Be7 50. g5 fxg5 51.
Bxg5 Bd6 52. Bf6 Bf8 53. Bxe5 Bd6 54. Bxd6 cxd6 55. e5 Ke7 56. e6 Ke8 57.
Kf6 b5 58. axb5 a4 59. bxa4 1-0

[Event "Empresa B"]
[Site "Montreal CAN"]
[Date "2006.08.11"]
[Round "4"]
[White "Krush,I"]
[Black "Arencibia,W"]
[Result "0-1"]
[WhiteElo "2436"]
[BlackElo "2539"]
[EventDate "2006.08.08"]

1. d4 d5 2. c4 c6 3. Nf3 Nf6 4. Nc3 a6 5. c5 Nbd7 6. Bf4 Nh5 7. Bd2 Nhf6 8.
Rc1 g6 9. h3 Qc7 10. g3 Bg7 11. Bf4 Qd8 12. Bg2 Nh5 13. Bd2 e5 14. dxe5
Nxe5 15. Nxe5 Bxe5 16. e4 d4 17. Ne2 d3 18. Bc3 Bxc3+ 19. Nxc3 Qd4 20. Qd2
Be6 21. g4 Nf6 22. O-O O-O-O 23. Rfd1 g5 24. Qxg5 Rhg8 25. Qe3 Qxe3 26.
fxe3 h5 27. gxh5 Bxh3 28. Rd2 Rg5 29. Kf1 Rxg2 0-1

[Event "Empresa B"]
[Site "Montreal CAN"]
[Date "2006.08.12"]
[Round "5"]
[White "Mitkov,N"]
[Black "Huzman,A"]
[Result "1/2-1/2"]
[WhiteElo "2563"]
[BlackElo "2585"]
[EventDate "2006.08.08"]

1. d4 d5 2. Bf4 Nf6 3. e3 e6 4. Nf3 c5 5. c3 Nc6 6. Nbd2 Bd6 7. Bg3 Bxg3 8.
hxg3 Qd6 9. Bd3 h6 10. Qa4 c4 11. Be2 O-O 12. Qc2 e5 13. dxe5 Nxe5 14. Nxe5
Qxe5 15. Nf3 Qe7 16. Nd4 Re8 17. Rd1 Bd7 18. Bf3 Qe5 19. Rd2 1/2-1/2

[Event "Empresa B"]
[Site "Montreal CAN"]
[Date "2006.08.13"]
[Round "6"]
[White "Likavsky,T"]
[Black "Huzman,A"]
[Result "0-1"]
[WhiteElo "2498"]
[BlackElo "2585"]
[EventDate "2006.08.08"]

1. d4 d5 2. c4 c6 3. Nf3 Nf6 4. e3 Bf5 5. Nc3 e6 6. Nh4 Bg6 7. Nxg6 hxg6 8.
Bd2 Nbd7 9. Rc1 Be7 10. g3 O-O 11. cxd5 exd5 12. Bg2 Nb6 13. Rc2 Re8 14.
O-O Bf8 15. Bc1 Nc4 16. Qd3 Nb6 17. Bf3 Qd7 18. Kg2 Qf5 19. Qd1 Bd6 20. h4
Ne4 21. Nxe4 dxe4 22. Bg4 Qa5 23. a3 Nd5 24. b4 Qd8 25. Be2 Qd7 26. Bd2 a6
27. Rb2 Qe7 28. Qb3 g5 29. Rh1 gxh4 30. Rxh4 g6 31. a4 Kg7 32. Bc4 Rh8 33.
Rxh8 Rxh8 34. Kf1 Qf6 35. Ke1 Rh1+ 36. Bf1 Bxg3 37. Bc1 Qf3 38. b5 axb5 39.
axb5 Bh4 0-1

[Event "Empresa B"]
[Site "Montreal CAN"]
[Date "2006.08.13"]
[Round "6"]
[White "Krnan,T"]
[Black "Mitkov,N"]
[Result "1-0"]
[WhiteElo "2399"]
[BlackElo "2563"]
[EventDate "2006.08.08"]

1. e4 e5 2. Nf3 Nc6 3. Bb5 Nf6 4. O-O Nxe4 5. d4 Nd6 6. Bxc6 dxc6 7. dxe5
Nf5 8. Qxd8+ Kxd8 9. Nc3 h6 10. h3 Ne7 11. Be3 Ng6 12. Rad1+ Ke8 13. a3 Be7
14. Rfe1 a6 15. Nd4 c5 16. Nb3 b6 17. a4 Bf5 18. Rd2 h5 19. a5 h4 20. Nd5
Bd8 21. c4 Be6 22. f4 Ne7 23. Nc1 Nc6 24. axb6 cxb6 25. b3 Na5 26. Red1 Rh5
27. Rb2 Rb8 28. Ne2 f6 29. Nec3 f5 30. Na4 Rh6 31. Ra1 b5 32. Nxc5 bxc4 33.
Nxe6 Rxe6 34. b4 Nb3 35. Ra4 Rb5 36. Nc3 Rb7 37. Rba2 Rd7 38. b5 axb5 39.
Nxb5 Rd3 40. Kf2 c3 41. Ke2 Rxe3+ 42. Kxe3 Bb6+ 43. Kd3 Nc1+ 44. Kxc3 Nxa2+
45. Rxa2 Be3 46. Nc7+ 1-0

[Event "Empresa B"]
[Site "Montreal CAN"]
[Date "2006.08.13"]
[Round "6"]
[White "Barbeau,S"]
[Black "Arencibia,W"]
[Result "1/2-1/2"]
[WhiteElo "2398"]
[BlackElo "2539"]
[EventDate "2006.08.08"]

1. e4 c5 2. Nf3 e6 3. d4 cxd4 4. Nxd4 a6 5. Bd3 Bc5 6. Nb3 Ba7 7. Qe2 Nc6
8. Be3 d6 9. O-O Nge7 10. N1d2 e5 11. Bxa7 Rxa7 12. Qe3 O-O 13. Rad1 b5 14.
Nf3 Qc7 15. c3 h6 16. Rd2 Be6 17. Rfd1 Raa8 18. Nh4 Rad8 19. f4 exf4 20.
Qxf4 Ne5 21. Nf5 N7g6 22. Qg3 Rfe8 23. h4 Nxd3 24. Rxd3 Bxb3 25. axb3 Rxe4
26. Rd4 Rxd4 27. Rxd4 Qc5 28. Nxd6 Rd7 29. b4 Qh5 30. Qh3 Nf8 31. Qf5 Qe2
32. Qf2 Qe5 33. Nf5 h5 34. Rxd7 Nxd7 35. Nd4 Nf6 36. Nf3 Qf5 37. Qd2 Ng4
38. Qe1 Kf8 39. Qd1 Ke7 40. Qe1+ Qe6 41. Kf1 Qe3 42. g3 Kd6 43. Qxe3 Nxe3+
44. Ke2 Nf5 45. Kf2 Kd5 46. Nd2 Nd6 47. b3 f6 48. Ke3 g5 49. c4+ bxc4 50.
bxc4+ Nxc4+ 51. Nxc4 gxh4 52. Nb6+ Kc6 53. Nc8 hxg3 54. Ne7+ Kb5 55. Kf3
Kxb4 56. Kxg3 Kc5 57. Ng8 f5 58. Nf6 a5 59. Nxh5 a4 60. Nf4 Kd4 61. Ne2+
Ke3 62. Nc3 a3 63. Kg2 1/2-1/2

[Event "Empresa B"]
[Site "Montreal CAN"]
[Date "2006.08.14"]
[Round "7"]
[White "Huzman,A"]
[Black "Krnan,T"]
[Result "1-0"]
[WhiteElo "2585"]
[BlackElo "2399"]
[EventDate "2006.08.08"]

1. Nf3 Nf6 2. c4 c5 3. Nc3 Nc6 4. g3 d6 5. d4 cxd4 6. Nxd4 g6 7. Bg2 Bd7 8.
O-O Bg7 9. Nxc6 Bxc6 10. e4 O-O 11. Be3 a5 12. b3 Nd7 13. Qd2 a4 14. b4 Ne5
15. Qe2 f5 16. Rac1 fxe4 17. Nxe4 Qc8 18. b5 Bd7 19. f4 Bg4 20. Qc2 Nd7 21.
Qd2 Kh8 22. c5 Nxc5 23. Nxc5 dxc5 24. Rxc5 Qd8 25. Rd5 Qe8 26. Bd4 Bf6 27.
Re1 Qf7 28. a3 Rac8 29. h3 Bf5 30. Bxf6+ exf6 31. g4 Be6 32. Rd6 Rce8 33.
Qd4 h5 34. g5 Kh7 35. gxf6 Qxf6 36. Qxf6 Rxf6 37. Re5 Kg7 38. b6 Re7 39.
Re4 Kf7 40. Rxa4 Bc8 41. Rxf6+ Kxf6 42. Kf2 Rd7 43. Ke3 Rd6 44. Rb4 Re6+
45. Kd2 Rd6+ 46. Kc3 h4 47. a4 Rd1 48. a5 Rc1+ 49. Kb2 Rc5 50. Ra4 Ke7 51.
Ra3 Rb5+ 52. Kc1 Kd6 53. Rd3+ Ke7 54. Rd5 Rxd5 55. Bxd5 Kd6 56. a6 bxa6 57.
b7 Bxb7 58. Bxb7 Ke6 59. Be4 Kf6 60. Kb2 g5 61. f5 Ke5 62. Ka3 1-0

[Event "Empresa B"]
[Site "Montreal CAN"]
[Date "2006.08.14"]
[Round "7"]
[White "Arencibia,W"]
[Black "Likavsky,T"]
[Result "1/2-1/2"]
[WhiteElo "2539"]
[BlackElo "2498"]
[EventDate "2006.08.08"]

1. d4 Nf6 2. Nf3 e6 3. c4 d5 4. Nc3 Nbd7 5. Bf4 dxc4 6. e3 Nd5 7. Bxc4 Nxf4
8. exf4 Bd6 9. Qd2 O-O 10. O-O-O c6 11. Ne4 Nf6 12. Nxd6 Qxd6 13. Kb1 b6
14. Rhe1 Bb7 15. Ne5 Rad8 16. Qc2 c5 17. dxc5 Qxc5 18. f3 Nd5 19. Qc1 Qa5
20. a3 b5 21. Bxd5 Rxd5 22. Rxd5 Bxd5 23. Re3 Qa4 24. Rc3 f6 25. Nd3 a5 26.
Nc5 Qd4 27. Qe3 Qxe3 28. Rxe3 Kf7 29. Rd3 Rd8 30. b3 Ke7 31. Kb2 h5 32. h4
Rd6 33. b4 a4 34. Kc3 Bc4 35. Rxd6 Kxd6 36. Kd4 Bf1 37. Ne4+ Ke7 38. g4 Be2
39. Ke3 Bc4 40. gxh5 e5 41. Nc5 Kd6 42. Ne4+ Ke6 43. Nf2 f5 44. Nd1 Bd5 45.
Nc3 Bc6 46. fxe5 Kxe5 47. f4+ Ke6 48. Kd3 Ke7 49. Ne2 Kd6 50. Kd4 Bf3 51.
Nc3 Bc6 52. Nd1 Bd5 53. Ke3 Bf7 54. Nc3 Be8 55. Ne2 Kd5 56. Nd4 Bd7 57. Kd3
Kd6 58. Nf3 Be8 59. Nd4 Bd7 60. Nc2 Be8 61. Ne3 Bd7 62. Nf1 Kd5 63. Ng3 Be6
64. h6 gxh6 65. Nh5 Kc6 66. Kd4 Kd6 67. Ng7 Bd7 68. h5 Bc8 69. Ne8+ Kd7 70.
Ng7 Kd6 1/2-1/2

[Event "Empresa B"]
[Site "Montreal CAN"]
[Date "2006.08.15"]
[Round "8"]
[White "Likavsky,T"]
[Black "Krnan,T"]
[Result "0-1"]
[WhiteElo "2498"]
[BlackElo "2399"]
[EventDate "2006.08.08"]

1. d4 Nf6 2. c4 g6 3. Nc3 Bg7 4. e4 d6 5. Nf3 O-O 6. Be2 e5 7. O-O Nc6 8.
d5 Ne7 9. b4 a5 10. Ba3 b6 11. bxa5 Nh5 12. Re1 f5 13. Bb4 bxa5 14. Ba3 Nf4
15. Bf1 fxe4 16. Nd2 Nd3 17. Bxd3 exd3 18. Nde4 Nf5 19. Qxd3 Ba6 20. Rab1
Qd7 21. Nb5 h6 22. Bc1 Nh4 23. Qg3 g5 24. a4 Rf7 25. Rb3 Ng6 26. Qc3 Bc8
27. f3 Nf4 28. Qc2 Qe7 29. Ba3 g4 30. Qd2 gxf3 31. Rxf3 Bg4 32. Rg3 Bf5 33.
c5 Qh4 34. Nbc3 dxc5 35. Bxc5 Rd8 36. Bf2 Qe7 37. Bc5 Qh4 38. Kh1 Nxd5 39.
Bf2 Nxc3 40. Qxc3 Qe7 41. Bc5 Qe6 42. Rge3 Qc6 43. Ng3 Qxa4 44. Nxf5 Rxf5
45. Re4 Qb5 46. Bg1 c6 47. Rc4 Rd2 48. Rc5 Qb4 49. Qh3 Rg5 50. Rxc6 Rdxg2
51. Rc8+ Kh7 52. Qd3+ Rg6 53. Rb1 Rxg1+ 0-1

[Event "Empresa B"]
[Site "Montreal CAN"]
[Date "2006.08.15"]
[Round "8"]
[White "Krush,I"]
[Black "Huzman,A"]
[Result "1/2-1/2"]
[WhiteElo "2436"]
[BlackElo "2585"]
[EventDate "2006.08.08"]

1. d4 d5 2. c4 c6 3. Nf3 Nf6 4. Nc3 dxc4 5. a4 Bf5 6. e3 e6 7. Bxc4 Bb4 8.
O-O Nbd7 9. Qe2 Bg4 10. h3 Bxf3 11. Qxf3 O-O 12. Rd1 Qa5 13. e4 e5 14. d5
Bxc3 15. bxc3 Nb6 16. Bb3 cxd5 17. exd5 Rfc8 18. c4 Nbd7 19. Bb2 Qb6 20.
Rab1 Qd6 21. Re1 a5 22. Re2 b6 23. Rbe1 Re8 24. Qg3 Rac8 25. Bxe5 Nxe5 26.
Rxe5 Rxe5 27. Rxe5 Kf8 28. f4 Nd7 29. Re2 h6 30. Qg4 Re8 31. Rxe8+ Kxe8 32.
Qxg7 Qxf4 33. Qc3 Nc5 34. Bd1 Kd7 35. Bg4+ Kd6 36. Qh8 Qe3+ 37. Kh1 Qc1+
1/2-1/2

[Event "Empresa B"]
[Site "Montreal CAN"]
[Date "2006.08.15"]
[Round "8"]
[White "Barbeau,S"]
[Black "Lawson,E"]
[Result "0-1"]
[WhiteElo "2398"]
[BlackElo "2393"]
[EventDate "2006.08.08"]

1. e4 c5 2. Nf3 Nc6 3. Bb5 g6 4. O-O Bg7 5. c3 Nf6 6. Qa4 O-O 7. d4 cxd4 8.
cxd4 d6 9. Nc3 Bd7 10. d5 Nb8 11. e5 dxe5 12. Nxe5 Bxb5 13. Qxb5 Nbd7 14.
Bf4 Nb6 15. Rad1 Nh5 16. Qb4 Qd6 17. Qxd6 exd6 18. Nd3 Nxf4 19. Nxf4 Bxc3
20. bxc3 Rac8 21. Rd3 Rfe8 22. g3 Na4 23. Rc1 b5 24. Kf1 Rc5 25. a3 Kg7 26.
h4 h6 27. Rc2 g5 28. hxg5 hxg5 29. Ne2 Re5 30. f4 Rexd5 31. Rcd2 Rxd3 32.
Rxd3 gxf4 33. gxf4 d5 34. Kf2 Kf6 35. Rh3 Ke7 36. Rh6 Nxc3 37. Nxc3 Rxc3
38. Ra6 Rc4 39. Rxa7+ Ke6 40. Kf3 Ra4 41. Rb7 Rxa3+ 42. Kg4 f5+ 43. Kh4 d4
44. Rxb5 d3 45. Rb2 Kd5 46. Kg5 Ke4 47. Rb4+ Ke3 48. Kxf5 d2 49. Rb1 Ra5+
50. Kg4 Rc5 51. Ra1 Rc1 52. Ra3+ Kd4 53. Ra4+ Ke3 54. Ra3+ Ke2 55. Ra2 Ke1
56. Rxd2 Kxd2 57. f5 Ke3 58. f6 Ke4 0-1

[Event "Empresa B"]
[Site "Montreal CAN"]
[Date "2006.08.16"]
[Round "9"]
[White "Lawson,E"]
[Black "Arencibia,W"]
[Result "1/2-1/2"]
[WhiteElo "2393"]
[BlackElo "2539"]
[EventDate "2006.08.08"]

1. e4 e5 2. Nf3 Nf6 3. Nxe5 d6 4. Nf3 Nxe4 5. Qe2 Qe7 6. d3 Nf6 7. Bg5 Nbd7
8. Nc3 Qxe2+ 9. Bxe2 c6 10. O-O Be7 11. Nd4 Nc5 12. Rae1 Ne6 13. Be3 d5 14.
Nxe6 1/2-1/2

[Event "Empresa B"]
[Site "Montreal CAN"]
[Date "2006.08.16"]
[Round "9"]
[White "Mitkov,N"]
[Black "Barbeau,S"]
[Result "1-0"]
[WhiteElo "2563"]
[BlackElo "2398"]
[EventDate "2006.08.08"]

1. e4 e6 2. d4 d5 3. Nc3 dxe4 4. Nxe4 Nd7 5. Nf3 Ngf6 6. Nxf6+ Nxf6 7. c3
c5 8. Ne5 a6 9. Be3 Qc7 10. Qa4+ Nd7 11. O-O-O cxd4 12. Nxd7 Bxd7 13. Qxd4
Bc6 14. f3 Rd8 15. Qxd8+ Qxd8 16. Rxd8+ Kxd8 17. Bd4 h5 18. h4 Rg8 19. Bd3
Bd6 20. Kd2 Ke7 21. Ke2 b5 22. Kf2 Bd5 23. Ra1 e5 24. Be3 Bc6 25. c4 Rb8
26. c5 Bc7 27. Bg5+ Ke6 28. Bc2 Bd5 29. Rd1 g6 30. g4 hxg4 31. fxg4 e4 32.
Ke3 f5 33. h5 f4+ 34. Bxf4 Bxf4+ 35. Kxf4 gxh5 36. Bxe4 Bxe4 37. Kxe4 hxg4
38. Rd6+ Ke7 39. Rg6 Rd8 40. b4 Rd2 41. Rxg4 Rxa2 42. Kd5 a5 43. bxa5 Rxa5
44. Kc6 Kf6 45. Kb6 Ra4 46. Rxa4 bxa4 47. c6 1-0

[Event "Empresa B"]
[Site "Montreal CAN"]
[Date "2006.08.16"]
[Round "9"]
[White "Krnan,T"]
[Black "Krush,I"]
[Result "1/2-1/2"]
[WhiteElo "2399"]
[BlackElo "2436"]
[EventDate "2006.08.08"]

1. e4 c5 2. Nf3 d6 3. d4 cxd4 4. Nxd4 Nf6 5. Nc3 Nc6 6. Bg5 e6 7. Qd2 Be7
8. O-O-O O-O 9. f4 Nxd4 10. Qxd4 Qa5 11. Bc4 Bd7 12. e5 dxe5 13. fxe5 Bc6
14. Bd2 Bc5 15. Qh4 Nd7 16. Ne4 Qa4 17. Nc3 Qa5 18. Ne4 Qa4 19. Nf6+ Nxf6
20. exf6 Rfd8 21. Qg5 Bf8 22. fxg7 Bd6 23. Bb3 Qd4 24. Rhe1 Qxg7 25. Qh5
Bc7 26. c3 Rd7 27. Bh6 Qg6 28. Qh4 Bd8 29. Qf4 Bc7 30. Qh4 Bd8 31. Qh3 Bg5+
32. Bxg5 Qxg5+ 33. Qe3 Qxe3+ 34. Rxe3 Rxd1+ 35. Kxd1 Rd8+ 36. Ke2 Bb5+ 37.
c4 Bc6 38. Bc2 Rd4 39. b3 h6 40. g3 Kg7 41. Re5 Kf6 42. Rh5 Kg7 43. Ke3 Rg4
44. Rc5 f5 45. b4 Kf6 46. b5 Bh1 47. Rc8 b6 48. Bd3 h5 49. Rc7 h4 50. Be2
Rg8 51. gxh4 e5 52. Bf3 Bxf3 53. Kxf3 e4+ 54. Ke3 Rd8 55. Kf4 Re8 56. Rc6+
Kf7 57. Rc7+ Kf6 58. Rc6+ Kf7 59. c5 e3 60. cxb6 axb6 61. Rc1 e2 62. Re1
Kf6 63. h5 Re4+ 64. Kf3 Rb4 65. Rxe2 Rxb5 66. h6 Kg6 67. Re6+ Kh7 68. Kf4
Ra5 69. h4 Rxa2 70. Kg5 Rg2+ 71. Kxf5 1/2-1/2